Images of Varahi: (Record no. 19099)

000 -LEADER
fixed length control field 00471nam a22001811a 4500
020 ## - INTERNATIONAL STANDARD BOOK NUMBER
ISBN 9788188934010
082 ## - DEWEY DECIMAL CLASSIFICATION NUMBER
Classification number 294.521 1
Item number HAR/I
100 ## - MAIN ENTRY--AUTHOR NAME
Personal name Haripriya Rangarajan
245 ## - TITLE STATEMENT
Title Images of Varahi:
Sub Title an iconographic study/
Statement of responsibility, etc by Haripriya Rangarajan
260 ## - PUBLICATION, DISTRIBUTION, ETC. (IMPRINT)
Place of publication New Delhi:
Name of publisher Sharada,
Year of publication 2004.
300 ## - PHYSICAL DESCRIPTION
Number of Pages 234+99 illu.
650 ## - SUBJECT ADDED ENTRY--TOPICAL TERM
Topical Term Goddess Varahi
650 ## - SUBJECT ADDED ENTRY--TOPICAL TERM
Topical Term Icons Varahi
650 ## - SUBJECT ADDED ENTRY--TOPICAL TERM
Topical Term Mother Goddess
650 ## - SUBJECT ADDED ENTRY--TOPICAL TERM
Topical Term Hinduism
650 ## - SUBJECT ADDED ENTRY--TOPICAL TERM
Topical Term Religion
942 ## - ADDED ENTRY ELEMENTS (KOHA)
Koha item type Book
Holdings
Withdrawn status Lost status Damaged status Not for loan Permanent Location Current Location Date acquired Cost, normal purchase price Full call number Accession Number Cost, replacement price Price effective from Koha item type
        Sree Sankaracharya University of Sanskrit Sree Sankaracharya University of Sanskrit 08.01.2015 1750.00 294.5211 HAR/I 044692 0.00 08.01.2015 Book